Sports Quiz

Random Sports Quiz

Mets' Versatile Infielders Quiz Stats

 Plays Quiz not verified by Sporcle

Challenge
Share
Tweet
Embed
Score 0/25 Timer 05:00
0 Plays Today
Year Answer % Correct
2015 Kelly Johnson
67%
1967Bob Johnson
61.4%
2014Eric Campbell
61%
2001Joe McEwing
52.6%
2002Joe McEwing
52.6%
2003Joe McEwing
52.6%
2004Joe McEwing
52.6%
2002John Valentin
33%
2012 Justin Turner
24.7%
2012 Justin Turner
24.7%
2005Chris Woodward
18.4%
2006Chris Woodward
18.4%
1994Tim Bogar
14.4%
Year Answer % Correct
1995Tim Bogar
14.4%
1996Tim Bogar
14.4%
2008Damion Easley
12.4%
2009Fernando Tatis
11.3%
1989Jeff McKnight
8.7%
1992Jeff McKnight
8.7%
1993Jeff McKnight
8.7%
1992Bill Pecota
8.3%
1962Rod Kanehl
6.8%
2003Jay Bell
4.3%
1996Alvaro Espinoza
3.9%
1966Eddie Bressoud
2.3%

You're not logged in!

Compare scores with friends on all Sporcle quizzes.
Join for Free
OR
Log In

You Might Also Like...

Show Comments

Extras

Created Mar 18, 2016ReportNominate
Tags:New York Mets

Top Quizzes Today


Score Distribution

Your Account Isn't Verified!

In order to create a playlist on Sporcle, you need to verify the email address you used during registration. Go to your Sporcle Settings to finish the process.

Report this User

Report this user for behavior that violates our Community Guidelines.

Details: